000 00377nam a2200145Ia 4500
008 211109s9999||||xx |||||||||||||| ||und||
082 _a907.2
_bGRA-E
100 _aGrant, A J
245 0 _aEnglish Historians
260 _bBlackie & Sons
_aLondon
_c1900
300 _a215p.
630 _xGeneral Stack
650 _aEducation, research & related topics
_xHistory
942 _cBOOK
999 _c2233
_d2233